[Event "AUTO-MASTER-2369"]
[Site "http://www.queenalice.com/game.php?id=1428223"]
[Date "2016.6.20"]
[Round "2"]
[White "Nico27"]
[Black "tariann"]
[Result "0-1"]
[WhiteElo "2166"]
[BlackElo "2227"]

1. e4 e5 2. Nf3 Nc6 3. Bb5 f5 4. Nc3 d6 5. d3 Nf6 6. Bg5 Be7 7. Qd2 O-O 8. O-O-O
f4 9. Bc4+ Kh8 10. h4 Bg4 11. Rdg1 Na5 12. Bxf6 Bxf6 13. Ng5 Nxc4 14. dxc4 Bxg5
15. hxg5 Qxg5 16. g3 Be6 17. Nd5 Bxd5 18. cxd5 Qf6 19. g4 f3 20. Qe3 Qf4 21. Kd2
c6 22. Rg3 cxd5 23. exd5 Rac8 24. c3 Rc5 25. Qxf4 Rxf4 26. Rhh3 Rxd5+ 27. Ke3
Kg8 28. g5 Ra5 29. a3 Rf5 30. g6 hxg6 31. Rxg6 d5 32. Rhg3 Rf7 33. Rxf3 Rxf3+
34. Kxf3 Kf7 35. Rg4 Kf6 36. Rb4 b6 37. Rg4 Rc5 38. Ke3 g5 39. f3 Kf5 40. Rb4 b5
41. a4 a6 42. Rg4 Rc4 43. Rxc4 bxc4 0-1

[Event "AUTO-MASTER-2369"]
[Site "http://www.queenalice.com/game.php?id=1428226"]
[Date "2016.6.20"]
[Round "2"]
[White "Nico27"]
[Black "clovis"]
[Result "1-0"]
[WhiteElo "2183"]
[BlackElo "2132"]

1. d4 d5 2. e4 dxe4 3. Nc3 Nf6 4. f3 exf3 5. Nxf3 Bg4 6. h3 Bxf3 7. Qxf3 c6 8.
Bd3 e6 9. Be3 Bd6 10. O-O O-O 11. Rf2 Nbd7 12. Raf1 e5 13. Bg5 exd4 14. Ne4 Ne5
15. Nxf6+ Qxf6 16. Qh5 g6 17. Bxf6 gxh5 18. Bxe5 Bxe5 19. Rf5 f6 20. Rxh5 b5 21.
Bxh7+ Kg7 22. Be4 Rh8 23. Rxh8 Rxh8 24. Bxc6 Rc8 25. Be4 a5 26. g4 b4 27. Kg2 d3
28. Bxd3 Bxb2 29. Rf5 a4 30. Rb5 Bc3 31. Rb7+ Kh6 32. Rh7+ Kg5 33. Kf3 f5 34.
Rh5+ Kf6 35. Rxf5+ Ke6 36. h4 Rd8 37. h5 Rxd3+ 38. cxd3 b3 39. axb3 a3 40. Ke4
a2 41. Rf1 a1=Q 42. Rxa1 Bxa1 43. d4 Bc3 44. h6 Bb4 45. h7 1-0

[Event "AUTO-MASTER-2369"]
[Site "http://www.queenalice.com/game.php?id=1428227"]
[Date "2016.6.20"]
[Round "2"]
[White "clovis"]
[Black "Nico27"]
[Result "1-0"]
[WhiteElo "2139"]
[BlackElo "2193"]

1. e4 c5 2. Nf3 d6 3. d4 cxd4 4. Qxd4 Nc6 5. Bb5 Bd7 6. Qd3 Nf6 7. O-O e6 8. Nc3
Be7 9. Bg5 O-O 10. Bxf6 gxf6 11. Rad1 Ne5 12. Nxe5 fxe5 13. Kh1 Bc6 14. f4 a6
15. Ba4 b5 16. Bb3 b4 17. Ne2 Qc7 18. f5 exf5 19. Rxf5 Bd7 20. Ng3 Bxf5 21. Nxf5
Kh8 22. Qg3 Rg8 23. Qh3 Rg5 24. Bxf7 Qxc2 25. Rg1 Rf8 26. Nxe7 Rxf7 27. Nf5 Rf6
28. Qh4 Rfg6 29. Nxd6 Qc7 30. Nf5 Rxg2 31. Rd1 R2g5 32. Ng3 1-0

[Event "Challenge2"]
[Site "http://www.queenalice.com/game.php?id=1429859"]
[Date "2016.7.1"]
[Round "-"]
[White "filou"]
[Black "Nico27"]
[Result "1/2-1/2"]
[WhiteElo "2049"]
[BlackElo "2124"]

1. e4 c5 2. c3 e6 3. Nf3 Nc6 4. d4 cxd4 5. cxd4 Nf6 6. Nc3 Bb4 7. Bd3 O-O 8. O-O
h6 9. a3 Ba5 10. b4 Nxb4 11. axb4 Bxb4 12. Nb5 a6 13. Bf4 d6 14. e5 Nd5 15. Bd2
Bxd2 16. Qxd2 dxe5 17. dxe5 Qe7 18. Nd6 Rd8 19. Rfe1 Rxd6 20. exd6 Qxd6 21. Bc2
b5 22. Qd3 f5 23. Ne5 Bb7 24. g4 Rf8 25. gxf5 Rxf5 26. Qd4 Rg5+ 27. Kf1 Rg2 28.
Be4 Rxh2 29. Rac1 Qf8 30. Kg1 Rh5 31. Bg2 Rg5 32. Kh2 Qa3 33. Nf3 Rh5+ 34. Kg3
Qd6+ 35. Re5 b4 36. Re1 Qc7 37. Bh3 Bc8 38. Bg4 Rxe5 39. Nxe5 Nf6 40. Qxb4 h5
41. Bh3 a5 42. Qb3 Qd6 43. f4 Nh7 44. Rd1 Qe7 45. Qd3 h4+ 46. Kh2 Qc5 47. Qd8+
Nf8 48. Qd2 Bb7 49. Rg1 a4 50. Bg2 Ba6 51. Bf3 h3 52. Rc1 Qe7 53. Kxh3 Qf6 54.
Kg3 g5 55. Qe3 a3 56. Ra1 Ng6 57. fxg5 Qxe5+ 58. Qxe5 Nxe5 59. Rxa3 Nxf3 60.
Kxf3 Bc4 61. Ra7 Bd5+ 62. Kf4 Kh8 63. g6 Kg8 64. Ke5 Kh8 65. Kf6 e5 66. Kxe5 Bg8
67. Kf6 1/2-1/2

[Event "AUTO-MASTER-2384"]
[Site "http://www.queenalice.com/game.php?id=1435859"]
[Date "2016.8.12"]
[Round "2"]
[White "Alexandrovinsk"]
[Black "Nico27"]
[Result "0-1"]
[WhiteElo "2128"]
[BlackElo "2128"]

1. f4 d5 2. Nf3 Nf6 3. e3 c5 4. b3 e6 5. Bb2 Be7 6. Bb5+ Bd7 7. O-O Bxb5 8. d3
Nbd7 9. c4 dxc4 10. dxc4 Bc6 11. Nc3 O-O 12. Qe2 a6 13. Rad1 Qc7 14. g3 Rfd8 15.
Rd2 Ne4 16. Nxe4 Bxe4 17. Rfd1 Qc6 18. Kf2 Bxf3 19. Qxf3 Qxf3+ 20. Kxf3 Nf6 0-1

[Event "AUTO-MASTER-2384"]
[Site "http://www.queenalice.com/game.php?id=1435860"]
[Date "2016.8.12"]
[Round "2"]
[White "Nico27"]
[Black "Alexandrovinsk"]
[Result "0-1"]
[WhiteElo "2151"]
[BlackElo "2159"]

1. d4 f5 2. g3 Nf6 3. Bg2 e6 4. c3 Be7 5. Nf3 O-O 6. O-O Nc6 7. Nbd2 b6 8. Re1
Bb7 9. Qc2 Qe8 10. e4 fxe4 11. Nxe4 Rb8 12. Neg5 h6 13. Nh3 Ng4 14. Nf4 Bd6 15.
d5 Nd8 16. dxe6 Nxe6 17. Nd4 Bxg2 18. Kxg2 Bxf4 19. Nxe6 dxe6 20. Bxf4 e5 21.
Be3 Qc6+ 22. Kg1 Rf3 23. Re2 Rbf8 24. Rf1 e4 25. Bd4 e3 26. Bxe3 Nxe3 27. Rxe3
Rxe3 28. fxe3 Rxf1+ 29. Kxf1 Qh1+ 30. Ke2 Qxh2+ 31. Kd3 Qxg3 32. Qb3+ Kh7 33.
Qa4 a5 34. Qd7 Qd6+ 0-1

[Event "AUTO-MASTER-2384"]
[Site "http://www.queenalice.com/game.php?id=1435864"]
[Date "2016.8.12"]
[Round "2"]
[White "yamato"]
[Black "Nico27"]
[Result "0-1"]
[WhiteElo "2283"]
[BlackElo "2139"]

1. d4 Nf6 2. c4 c5 3. d5 b5 4. cxb5 a6 5. bxa6 Bxa6 6. Nc3 d6 7. Nf3 g6 8. g3
Bg7 9. Bg2 O-O 10. O-O Nbd7 11. Qc2 Qc7 12. Rd1 Rfb8 13. Rb1 Nb6 14. b3 Nbd7 15.
h3 Ra7 16. e4 Rab7 17. a3 h6 18. Nd2 Ne5 19. Bf1 Bxf1 20. Kxf1 c4 21. b4 Rc8 22.
a4 Nd3 23. b5 Qb6 24. Nxc4 Rxc4 25. Qxd3 Rbc7 26. Bb2 Qa5 27. Rdc1 Nd7 28. f4
Rd4 29. Qe2 Nc5 30. Rc2 Nxa4 31. Ra1 Rcc4 32. Rxa4 Rxa4 33. Nxa4 Rxa4 34. Bxg7
Kxg7 35. Rb2 Ra1+ 36. Kg2 Qc3 37. b6 Qc1 38. b7 Qg1+ 39. Kf3 Ra3+ 0-1

[Event "Challenge"]
[Site "http://www.queenalice.com/game.php?id=1438472"]
[Date "2016.8.30"]
[Round "-"]
[White "MADMIKE"]
[Black "Nico27"]
[Result "0-1"]
[WhiteElo "1964"]
[BlackElo "2160"]

1. d4 Nf6 2. d5 g6 3. Nc3 Bg7 4. e4 d6 5. h3 O-O 6. Bd3 c5 7. Nf3 Nbd7 8. O-O a6
9. Nd2 b5 10. a3 c4 11. Be2 Nc5 12. f3 Qb6 13. Kh1 Nh5 14. Qe1 Be5 15. Ndb1 Ng3+
16. Kg1 Nd3+ 0-1

[Event "Challenge"]
[Site "http://www.queenalice.com/game.php?id=1438473"]
[Date "2016.8.30"]
[Round "-"]
[White "Nico27"]
[Black "MADMIKE"]
[Result "0-1"]
[WhiteElo "2146"]
[BlackElo "1904"]

1. e4 e5 2. Nf3 d5 3. exd5 Bd6 4. Nc3 a6 5. d3 h6 6. Be2 Nf6 7. O-O O-O 8. h3 c6
9. dxc6 Nxc6 10. Be3 Be6 11. a3 Nd7 12. Qd2 f5 13. Bxh6 gxh6 14. Qxh6 Qf6 15.
Qh5 Bf7 16. Qh4 Qg6 17. Qg5 Qxg5 18. Nxg5 Nf6 19. Bf3 Rac8 20. Bxc6 bxc6 21.
Nxf7 Rxf7 22. Rfe1 Rg7 0-1

[Event "Challenge"]
[Site "http://www.queenalice.com/game.php?id=1439282"]
[Date "2016.9.2"]
[Round "-"]
[White "dnptrs"]
[Black "Nico27"]
[Result "0-1"]
[WhiteElo "2200"]
[BlackElo "2137"]

1. d4 Nf6 2. Nf3 c5 3. e3 cxd4 4. exd4 d5 5. c4 dxc4 6. Bxc4 e6 7. O-O Be7 8.
Nc3 O-O 9. d5 exd5 10. Nxd5 Nxd5 11. Bxd5 Nc6 12. Bxc6 bxc6 13. Be3 Qa5 14. Nd4
Bb7 15. Qc2 Bf6 16. Nb3 Qh5 17. Nc5 Bc8 18. f3 Rb8 19. Nb3 a5 20. g4 Qb5 21.
Rab1 Bb7 22. Nc5 Rbd8 23. Rfd1 Rfe8 24. a4 Qb4 25. Kg2 Rxe3 0-1

[Event "Challenge"]
[Site "http://www.queenalice.com/game.php?id=1439283"]
[Date "2016.9.2"]
[Round "-"]
[White "Nico27"]
[Black "dnptrs"]
[Result "0-1"]
[WhiteElo "2156"]
[BlackElo "2221"]

1. e4 c5 2. Nf3 e6 3. Bc4 Nc6 4. O-O a6 5. c3 Qc7 6. Qe2 Be7 7. d4 b5 8. Bb3 Bb7
9. Nbd2 cxd4 10. Nxd4 d6 11. N2f3 Nf6 12. Bg5 O-O 13. Bxe6 Nxd4 0-1

[Event "Challenge"]
[Site "http://www.queenalice.com/game.php?id=1449886"]
[Date "2016.11.13"]
[Round "-"]
[White "zugzwangkid"]
[Black "Nico27"]
[Result "0-1"]
[WhiteElo "2170"]
[BlackElo "2110"]

1. d4 Nf6 2. c4 c5 3. d5 b5 4. cxb5 a6 5. bxa6 Bxa6 6. Nc3 d6 7. e4 Bxf1 8. Kxf1
g6 9. Nf3 Bg7 10. g3 O-O 11. Kg2 Nbd7 12. a4 Qb6 13. Qe2 Rfb8 14. Nb5 Ra6 15.
Bd2 Rba8 16. a5 Qd8 17. Rab1 Ne8 18. b4 cxb4 19. Bxb4 Nc5 20. Nfd4 Nc7 21. Nc6
Qd7 22. Bxc5 dxc5 23. Nxc7 Qxc7 24. Rb8+ Rxb8 25. Qxa6 Rb2 26. Qa8+ Bf8 27. Qe8
c4 28. Nd8 e6 29. dxe6 fxe6 30. Qxf8+ Kxf8 31. Nxe6+ Ke7 32. Nxc7 Kd6 33. Nd5
Ra2 34. Rc1 Kc5 0-1

[Event "Challenge"]
[Site "http://www.queenalice.com/game.php?id=1450069"]
[Date "2016.11.13"]
[Round "-"]
[White "Nico27"]
[Black "Bzwugzwang"]
[Result "0-1"]
[WhiteElo "2132"]
[BlackElo "1586"]

1. e4 c5 2. Nf3 g6 3. d4 cxd4 4. Nxd4 Bg7 5. Nc3 Nc6 6. Be3 Nf6 7. f3 O-O 8. Qd2
d5 9. Nxc6 bxc6 10. exd5 cxd5 11. Be2 e5 12. Bg5 d4 13. Ne4 Nxe4 14. fxe4 Qb6
15. b3 f6 16. Bh4 f5 17. Bc4+ Be6 18. Bxe6+ Qxe6 19. exf5 Rxf5 20. Rf1 Rc8 21.
Rxf5 Qxf5 22. O-O-O Bh6 0-1

[Event "Challenge"]
[Site "http://www.queenalice.com/game.php?id=1455056"]
[Date "2016.12.16"]
[Round "-"]
[White "Nico27"]
[Black "Lapoule"]
[Result "0-1"]
[WhiteElo "2155"]
[BlackElo "1673"]

1. e4 e6 2. d4 Nf6 3. Bg5 h6 4. Bh4 d6 5. Bd3 e5 6. Nf3 Nbd7 7. O-O g5 8. dxe5
gxh4 9. exf6 Qxf6 10. e5 Nxe5 11. Re1 Rg8 12. Nxe5 dxe5 13. Kh1 Bd6 14. Qd2 Be6
15. Nc3 Qg7 16. f3 a6 17. Re4 Be7 18. Rae1 Bf6 19. Na4 Bg5 20. Qf2 Bf4 21. Nc5
Rb8 22. Nxe6 fxe6 23. Bc4 Rf8 24. Bxe6 Qf6 25. Bb3 b6 26. Qd4 c5 27. Qc4 Ra8 28.
a4 Kd7 29. Rd1+ Kc7 30. a5 Rad8 31. Ree1 Rxd1 32. Rxd1 Rd8 33. axb6+ Kxb6 34.
Rxd8 Qxd8 35. Qd5 Qxd5 36. Bxd5 Kb5 37. Kg1 a5 38. b3 Kb4 39. h3 Kc3 40. Be4 c4
41. Bd5 cxb3 42. Bxb3 Kd4 43. Kf2 Bg3+ 44. Ke2 Bf4 45. Ba4 Kc3 46. Kd1 Kd4 47.
Ke2 Kc4 48. Bd7 Kb4 49. Kd3 a4 50. c3+ Kb3 51. Be6+ Ka3 52. Ke4 Bg3 53. c4 Kb4
54. Kd3 Bf2 55. c5 Kxc5 56. Ke4 Bg3 57. Kf5 Kd4 58. Kg4 Ke3 59. f4 exf4 60. Kh5
Kf2 61. Bd5 a3 62. Kg4 Ke3 63. Ba2 Kf2 64. Bd5 Ke3 65. Ba2 Kd2 66. Kh5 Kc3 67.
Kxh6 Kb2 68. Bd5 a2 69. Bxa2 Kxa2 70. Kh5 Kb2 71. Kg4 Kc2 72. Kf3 Kd2 0-1

[Event "Challenge"]
[Site "http://www.queenalice.com/game.php?id=1458171"]
[Date "2017.1.6"]
[Round "-"]
[White "Lapoule"]
[Black "Nico27"]
[Result "0-1"]
[WhiteElo "1746"]
[BlackElo "2109"]

1. e4 c5 2. Nc3 e6 3. Nf3 Nc6 4. d4 cxd4 5. Nxd4 Nf6 6. a3 a6 7. Bf4 d6 8. Nf3
Be7 9. Qd3 O-O 10. O-O-O e5 11. Bg5 Be6 12. h3 b5 13. Bxf6 gxf6 14. g4 b4 15.
Nd5 bxa3 16. Qxa3 Bxd5 17. exd5 Na7 18. Rg1 Nb5 19. Qe3 Qa5 20. Qh6 e4 21. Nh4
Rfc8 22. c4 Qa1+ 23. Kc2 Qa4+ 24. Kd2 Nd4 25. Ke3 Qxd1 26. Kxe4 Re8 27. Kf4 Qc1+
28. Kg3 Qxh6 29. f4 Bf8 30. Nf5 Nxf5+ 31. gxf5 Kh8 32. Rh1 Re4 33. h4 Qxf4+ 34.
Kh3 Re3+ 35. Kg2 Qg3# 0-1

[Event "Challenge"]
[Site "http://www.queenalice.com/game.php?id=1466591"]
[Date "2017.2.26"]
[Round "-"]
[White "Zoe"]
[Black "Nico27"]
[Result "0-1"]
[WhiteElo "2050"]
[BlackElo "2136"]

1. d4 Nf6 2. Nf3 g6 3. Nc3 Bg7 4. Bf4 d6 5. e4 Nbd7 6. Qd2 O-O 7. Bh6 c5 8. Bxg7
Kxg7 9. d5 a6 10. h3 b5 11. g4 b4 12. Ne2 Nxe4 13. Qe3 Nef6 14. Nh2 Bb7 15.
O-O-O Bxd5 16. Rg1 Bxa2 17. g5 Nh5 18. Nf4 Nxf4 19. Qxf4 Be6 20. h4 Qa5 21. Kd2
b3+ 22. c3 Qa2 23. Qe3 Qxb2+ 24. Ke1 Qa3 25. Bd3 b2 26. Ke2 Qxc3 27. Rb1 c4 28.
Be4 Qxe3+ 29. Kxe3 d5 30. Bc2 Rfb8 31. Nf3 a5 32. Rgd1 a4 33. Rd2 a3 0-1

[Event "Challenge"]
[Site "http://www.queenalice.com/game.php?id=1466592"]
[Date "2017.2.26"]
[Round "-"]
[White "Nico27"]
[Black "Zoe"]
[Result "1/2-1/2"]
[WhiteElo "2145"]
[BlackElo "1991"]

1. d4 d5 2. e4 e6 3. Nd2 dxe4 4. Nxe4 Bd7 5. Nf3 Bc6 6. Bd3 Nd7 7. O-O Ngf6 8.
Bg5 Be7 9. Re1 Nxe4 10. Bxe7 Nxf2 11. Bxd8 Nxd1 12. Raxd1 Bxf3 13. gxf3 Rxd8 14.
Be4 c6 15. Kf2 Ke7 16. Rd3 Nb6 17. b3 Kf8 18. c4 f5 19. Bxc6 bxc6 20. Rxe6 Kf7
21. Rxc6 Rd7 22. d5 Nc8 23. c5 Rhd8 24. d6 a5 25. Re3 Na7 26. Ra6 Nb5 27. Rxa5
Nd4 28. b4 Nc2 29. Rb3 Rb8 30. b5 Nd4 31. Rb2 Ne6 32. b6 Nd8 33. Rd2 Nc6 34. Ra4
Re8 35. Rh4 h6 36. a4 Re5 37. Rc4 Kf6 1/2-1/2

[Event "Challenge"]
[Site "http://www.queenalice.com/game.php?id=1468601"]
[Date "2017.3.12"]
[Round "-"]
[White "Lapoule"]
[Black "Nico27"]
[Result "0-1"]
[WhiteElo "1864"]
[BlackElo "2125"]

1. e4 e6 2. d4 c5 3. Nf3 cxd4 4. Qxd4 Nc6 5. Qa4 Nf6 6. e5 Nd5 7. Bd3 Qc7 8. Qe4
b6 9. a3 Bb7 10. c4 Nde7 11. Qe3 Ng6 12. O-O Ngxe5 13. Nxe5 Qxe5 14. Be4 Bd6 15.
g3 f5 16. Bf3 O-O-O 17. Nc3 Qf6 18. Rd1 Bb8 19. Nb5 e5 20. c5 e4 21. Bg2 Ne5 22.
cxb6 Nc4 23. Qc5+ Qc6 24. Qxf5 axb6 25. Bf4 Qf6 26. Qxf6 gxf6 27. Nd6+ Nxd6 28.
Rac1+ Bc6 29. Bxd6 Bxd6 30. Rxd6 f5 31. g4 Kb7 32. gxf5 Rhg8 33. Kf1 Bb5+ 34.
Kg1 Rdf8 35. Rd5 Bc6 36. Rxc6 Kxc6 37. Rd4 d5 38. Kf1 Rxf5 39. Rd1 Rfg5 40. Rc1+
Kd6 41. Rc3 Rxg2 42. Rg3 R2xg3 43. hxg3 Ke5 44. Ke2 Rc8 45. Kd2 d4 46. Kd1 Kf5
47. b4 Kg4 48. a4 Kf3 49. a5 bxa5 50. bxa5 Ra8 51. Ke1 Rxa5 52. Kf1 Ra1# 0-1

[Event "Challenge"]
[Site "http://www.queenalice.com/game.php?id=1468602"]
[Date "2017.3.12"]
[Round "-"]
[White "Nico27"]
[Black "Lapoule"]
[Result "1-0"]
[WhiteElo "2122"]
[BlackElo "1825"]

1. d4 Nf6 2. Nf3 d5 3. e3 Ne4 4. Nbd2 Bf5 5. Bd3 f6 6. Bxe4 dxe4 7. Nh4 Qd7 8.
Nxf5 Qxf5 9. c4 e6 10. a3 Be7 11. Qc2 Qg4 12. Qxe4 Qxe4 13. Nxe4 Nc6 14. b4 O-O
15. O-O Rfd8 16. Bb2 h6 17. Rad1 f5 18. Ng3 g6 19. Ne2 g5 20. Nc3 a6 21. Rd2 Rd7
22. Rfd1 Rad8 23. d5 exd5 24. Rxd5 Rxd5 25. Rxd5 f4 26. Rxd8+ Bxd8 27. exf4 gxf4
28. Nd5 Ne7 29. Nxf4 Nf5 30. Ne6 Bg5 31. Nxc7 Nd6 32. c5 Nc4 33. Ba1 Nxa3 34. c6
bxc6 35. Nxa6 Bd2 36. Kf1 Nc2 37. Be5 Bxb4 38. Nxb4 Nxb4 39. Ke2 Nd5 40. g4 Kf7
41. Kf3 c5 42. Ke4 Ke6 43. Bg7 Nf6+ 44. Bxf6 Kxf6 45. f4 Ke6 46. h4 Kd6 47. g5
h5 48. f5 c4 49. Kd4 c3 50. Kxc3 Ke5 51. f6 Kd6 52. Kd4 Ke6 53. Ke4 Kf7 54. Kf5
Kg8 55. g6 Kf8 56. Kg5 Kg8 57. Kh6 Kh8 58. g7+ Kg8 59. f7+ Kxf7 60. Kh7 Kf6 61.
g8=Q Ke7 62. Qd5 Kf6 63. Kh6 Ke7 64. Kg6 Ke8 65. Qb7 Kd8 66. Kf6 Ke8 67. Qe7#
1-0

[Event "Challenge"]
[Site "http://www.queenalice.com/game.php?id=1472929"]
[Date "2017.4.11"]
[Round "-"]
[White "masam2014"]
[Black "Nico27"]
[Result "0-1"]
[WhiteElo "1507"]
[BlackElo "2140"]

1. d4 Nf6 2. c4 c5 3. e3 cxd4 4. exd4 e6 5. Nf3 Nc6 6. Be2 d5 7. O-O Be7 8. Nc3
O-O 9. b3 Qa5 10. Bb2 dxc4 11. Bxc4 a6 12. Be2 b5 13. Qd2 Bb7 0-1

[Event "Challenge"]
[Site "http://www.queenalice.com/game.php?id=1472930"]
[Date "2017.4.11"]
[Round "-"]
[White "Nico27"]
[Black "masam2014"]
[Result "1-0"]
[WhiteElo "2141"]
[BlackElo "1505"]

1. e4 c5 2. Nc3 e6 3. g3 Be7 4. Bg2 d6 5. Nge2 Nf6 6. O-O O-O 7. d3 Nc6 8. Kh1
Bd7 9. f4 Qc7 10. f5 exf5 11. exf5 Ng4 12. Ne4 1-0

[Event "Challenge"]
[Site "http://www.queenalice.com/game.php?id=1479055"]
[Date "2017.5.20"]
[Round "-"]
[White "bobjgirl"]
[Black "Nico27"]
[Result "0-1"]
[WhiteElo "2318"]
[BlackElo "2142"]

1. Nf3 Nf6 2. c4 d5 3. d4 g6 4. Nc3 Bg7 5. Bf4 c6 6. h3 O-O 7. e3 Qa5 8. Be2
Nbd7 9. O-O dxc4 10. Bxc4 Nh5 11. Bh2 Ndf6 12. g4 Nxg4 13. hxg4 Bxg4 14. Be2 Bh3
15. Re1 Qf5 16. Kh1 Rfd8 17. Qd3 Qxd3 18. Bxd3 c5 19. Bf1 Bxf1 20. Rxf1 cxd4 21.
Nxd4 Bxd4 22. exd4 Rxd4 23. Rad1 Rad8 24. Rxd4 Rxd4 25. Rd1 Rxd1+ 26. Nxd1 f5
27. Nc3 Nf6 28. Kg2 Kf7 29. Bb8 a6 30. f3 e6 31. Na4 Nd7 32. Bd6 e5 33. Nc5 Nxc5
34. Bxc5 Ke6 35. a4 Kd5 36. b4 a5 37. Be7 axb4 38. Bxb4 e4 39. fxe4+ Kxe4 40.
Be7 f4 41. a5 Ke3 42. Bc5+ Ke2 43. Kh2 f3 44. Kg3 h5 45. Bb6 h4+ 46. Kxh4 f2 47.
Bxf2 Kxf2 48. Kg5 Ke3 49. Kxg6 Kd4 50. Kf5 Kc5 51. Ke4 Kb5 52. a6 Kxa6 53. Kd3
Ka5 54. Kc3 Ka4 55. Kc2 Ka3 56. Kb1 b5 57. Ka1 b4 58. Kb1 Kb3 0-1

[Event "Challenge"]
[Site "http://www.queenalice.com/game.php?id=1479056"]
[Date "2017.5.20"]
[Round "-"]
[White "Nico27"]
[Black "bobjgirl"]
[Result "1/2-1/2"]
[WhiteElo "2129"]
[BlackElo "2355"]

1. e4 e5 2. Nf3 Nc6 3. Bc4 Nf6 4. Ng5 Bc5 5. Nxf7 Bxf2+ 6. Kxf2 Nxe4+ 7. Kg1 Qh4
8. Qf1 Rf8 9. g3 Nxg3 10. hxg3 Qxg3+ 11. Qg2 Qe1+ 12. Qf1 Qg3+ 13. Qg2 Qe1+
1/2-1/2